Normal view
MARC view
- Thompson, James Matthew
Entry Personal Name
001 - CONTROL NUMBER
- control field: 107824
003 - CONTROL NUMBER IDENTIFIER
- control field: NUST
005 - DATE AND TIME OF LATEST TRANSACTION
- control field: 20230126182707.0
008 - FIXED-LENGTH DATA ELEMENTS
- fixed length control field: 230126|| aca||aabn | a|a d
040 ## - CATALOGING SOURCE
- Original cataloging agency: NUST
- Transcribing agency: NUST
100 ## - HEADING--PERSONAL NAME
- Personal name: Thompson, James Matthew
670 ## - SOURCE DATA FOUND
- Source citation: Work cat.: (NUST)186170: Thompson, James Matthew, Lectures on foreign history:, 1945
